<?xml version="1.0" encoding="UTF-8"?><?xml-stylesheet type="text/xsl" href="static/style.xsl"?><OAI-PMH xmlns="http://www.openarchives.org/OAI/2.0/" xmlns:xsi="http://www.w3.org/2001/XMLSchema-instance" xsi:schemaLocation="http://www.openarchives.org/OAI/2.0/ http://www.openarchives.org/OAI/2.0/OAI-PMH.xsd"><responseDate>2026-04-18T02:34:05Z</responseDate><request verb="GetRecord" identifier="oai:www.recercat.cat:11351/12379" metadataPrefix="marc">https://recercat.cat/oai/request</request><GetRecord><record><header><identifier>oai:recercat.cat:11351/12379</identifier><datestamp>2025-10-24T10:51:19Z</datestamp><setSpec>com_2072_451669</setSpec><setSpec>com_2072_378040</setSpec><setSpec>col_2072_451670</setSpec></header><metadata><record xmlns="http://www.loc.gov/MARC21/slim" xmlns:dcterms="http://purl.org/dc/terms/" xmlns:xsi="http://www.w3.org/2001/XMLSchema-instance" xmlns:doc="http://www.lyncode.com/xoai" xsi:schemaLocation="http://www.loc.gov/MARC21/slim http://www.loc.gov/standards/marcxml/schema/MARC21slim.xsd">
   <leader>00925njm 22002777a 4500</leader>
   <datafield ind2=" " ind1=" " tag="042">
      <subfield code="a">dc</subfield>
   </datafield>
   <datafield ind2=" " ind1=" " tag="720">
      <subfield code="a">Alemany Perna, Berta</subfield>
      <subfield code="e">author</subfield>
   </datafield>
   <datafield ind2=" " ind1=" " tag="720">
      <subfield code="a">Tamarit, Jordi</subfield>
      <subfield code="e">author</subfield>
   </datafield>
   <datafield ind2=" " ind1=" " tag="720">
      <subfield code="a">Cabiscol, Elisa</subfield>
      <subfield code="e">author</subfield>
   </datafield>
   <datafield ind2=" " ind1=" " tag="720">
      <subfield code="a">Delaspre, Fabien</subfield>
      <subfield code="e">author</subfield>
   </datafield>
   <datafield ind2=" " ind1=" " tag="720">
      <subfield code="a">Miguela Benavides, Albert</subfield>
      <subfield code="e">author</subfield>
   </datafield>
   <datafield ind2=" " ind1=" " tag="720">
      <subfield code="a">Quiroga-Varela, Ana</subfield>
      <subfield code="e">author</subfield>
   </datafield>
   <datafield ind2=" " ind1=" " tag="720">
      <subfield code="a">Merchan-Ruiz, Miguel</subfield>
      <subfield code="e">author</subfield>
   </datafield>
   <datafield ind2=" " ind1=" " tag="720">
      <subfield code="a">López Domínguez, Daniel</subfield>
      <subfield code="e">author</subfield>
   </datafield>
   <datafield ind2=" " ind1=" " tag="720">
      <subfield code="a"/>
      <subfield code="e">author</subfield>
   </datafield>
   <datafield ind2=" " ind1=" " tag="720">
      <subfield code="a">Ramió-Torrentà, Lluís</subfield>
      <subfield code="e">author</subfield>
   </datafield>
   <datafield ind2=" " ind1=" " tag="720">
      <subfield code="a">GENÍS , DAVID</subfield>
      <subfield code="e">author</subfield>
   </datafield>
   <datafield ind2=" " ind1=" " tag="720">
      <subfield code="a">ROS, Joaquim</subfield>
      <subfield code="e">author</subfield>
   </datafield>
   <datafield ind2=" " ind1=" " tag="260">
      <subfield code="c">2025-01-08T10:20:20Z</subfield>
   </datafield>
   <datafield ind2=" " ind1=" " tag="260">
      <subfield code="c">2025-01-08T10:20:20Z</subfield>
   </datafield>
   <datafield ind2=" " ind1=" " tag="260">
      <subfield code="c">2024-05-02</subfield>
   </datafield>
   <datafield ind2=" " ind1=" " tag="520">
      <subfield code="a">Atàxia de Friedreich; Calcitriol; Vitamina D</subfield>
   </datafield>
   <datafield ind2=" " ind1=" " tag="520">
      <subfield code="a">Ataxia de Friedreich; Calcitriol; Vitamina D</subfield>
   </datafield>
   <datafield ind2=" " ind1=" " tag="520">
      <subfield code="a">Friedreich ataxia; Calcitriol; Vitamin D</subfield>
   </datafield>
   <datafield ind2=" " ind1=" " tag="520">
      <subfield code="a">Background&#xd;
Calcitriol, the active form of vitamin D (also known as 1,25-dihydroxycholecalciferol), improves the phenotype and increases frataxin levels in cell models of Friedreich ataxia (FRDA).&#xd;
&#xd;
Objectives&#xd;
Based on these results, we aimed measuring the effects of a calcitriol dose of 0.25 mcg/24h in the neurological function and frataxin levels when administered to FRDA patients for a year.&#xd;
&#xd;
Methods&#xd;
20 FRDA patients where recluted and 15 patients completed the treatment for a year. Evaluations of neurological function changes (SARA scale, 9-HPT, 8-MWT, PATA test) and quality of life (Barthel Scale and Short Form (36) Health Survey [SF-36] quality of life questionnaire) were performed. Frataxin amounts were measured in isolated platelets obtained from these FRDA patients, from heterozygous FRDA carriers (relatives of the FA patients) and from non-heterozygous sex and age matched controls.&#xd;
&#xd;
Results.Although the patients did not experience any observable neurological improvement, there was a statistically significant increase in frataxin levels from initial values, 5.5 to 7.0 pg/μg after 12 months. Differences in frataxin levels referred to total protein levels were observed among sex- and age-matched controls (18.1 pg/μg), relative controls (10.1 pg/μg), and FRDA patients (5.7 pg/μg). The treatment was well tolerated by most patients, and only some of them experienced minor adverse effects at the beginning of the trial. Conclusions.Calcitriol dosage used (0.25 mcg/24 h) is safe for FRDA patients, and it increases frataxin levels. We cannot rule out that higher doses administered longer could yield neurological benefits. © 2024 The Authors. Movement Disorders published by Wiley Periodicals LLC on behalf of International Parkinson and Movement Disorder Society.</subfield>
   </datafield>
   <datafield ind2=" " ind1=" " tag="520">
      <subfield code="a">El calcitriol, la forma activa de la vitamina D (també coneguda com 1,25-dihidroxicolecalciferol), millora el fenotip i augmenta els nivells de frataxina en models cel·lulars d'atàxia de Friedreich (FRDA).&#xd;
&#xd;
Objectius&#xd;
A partir d'aquests resultats, vam tenir com a objectiu mesurar els efectes d'una dosi de calcitriol de 0,25 mcg/24h en la funció neurològica i els nivells de frataxina quan s'administrava a pacients amb FRDA durant un any.&#xd;
&#xd;
Mètodes&#xd;
20 pacients amb FRDA es van reclutar i 15 pacients van completar el tractament durant un any. Es van realitzar avaluacions dels canvis de la funció neurològica (escala SARA, 9-HPT, 8-MWT, test PATA) i de la qualitat de vida (escala de Barthel i qüestionari de qualitat de vida de l'Enquesta de salut del formulari curt (36) [SF-36]). Les quantitats de frataxina es van mesurar en plaquetes aïllades obtingudes d'aquests pacients amb FRDA, de portadors heterozigots de FRDA (parents dels pacients amb FA) i de controls coincidents amb sexe i edat no heterozigots.&#xd;
&#xd;
Resultats&#xd;
Tot i que els pacients no van experimentar cap millora neurològica observable, hi va haver un augment estadísticament significatiu dels nivells de frataxina des dels valors inicials, de 5,5 a 7,0  pg/μg després de 12 mesos. Es van observar diferències en els nivells de frataxina referits als nivells totals de proteïnes entre els controls coincidents per sexe i edat (18,1 pg/μg), controls relatius (10,1 pg/μg) i pacients amb FRDA (5,7 pg/μg). El tractament va ser ben tolerat per la majoria dels pacients, i només alguns d'ells van experimentar efectes adversos menors al començament de l'assaig.&#xd;
&#xd;
Conclusions&#xd;
La dosi de calcitriol utilitzada (0,25  mcg/24 h) és segura per als pacients amb FRDA i augmenta els nivells de frataxina. No podem descartar que dosis més altes administrades durant més temps puguin produir beneficis neurològics. © 2024 Els Autors. Movement Disorders publicat per Wiley Periodicals LLC en nom de la International Parkinson and Movement Disorder Society.</subfield>
   </datafield>
   <datafield ind2=" " ind1=" " tag="520">
      <subfield code="a">This research was funded by FEDAES (Federacion de Ataxias de España) and by Ministerio de Ciencia e Innovacion (Spain), grant number: PID2020-118296RB-I00.</subfield>
   </datafield>
   <datafield ind1="8" ind2=" " tag="024">
      <subfield code="a">http://hdl.handle.net/11351/12379</subfield>
   </datafield>
   <datafield tag="653" ind2=" " ind1=" ">
      <subfield code="a">Atàxia de Friedreich</subfield>
   </datafield>
   <datafield tag="653" ind2=" " ind1=" ">
      <subfield code="a">Ferritina</subfield>
   </datafield>
   <datafield tag="653" ind2=" " ind1=" ">
      <subfield code="a">Vitamina D</subfield>
   </datafield>
   <datafield tag="653" ind2=" " ind1=" ">
      <subfield code="a">DISEASES::Nervous System Diseases::Central Nervous System Diseases::Brain Diseases::Cerebellar Diseases::Spinocerebellar Degenerations::Friedreich Ataxia</subfield>
   </datafield>
   <datafield tag="653" ind2=" " ind1=" ">
      <subfield code="a">CHEMICALS AND DRUGS::Amino Acids, Peptides, and Proteins::Proteins::Carrier Proteins::Iron-Binding Proteins</subfield>
   </datafield>
   <datafield tag="653" ind2=" " ind1=" ">
      <subfield code="a">CHEMICALS AND DRUGS::Polycyclic Compounds::Fused-Ring Compounds::Steroids::Cholestanes::Cholestenes::Cholecalciferol::Hydroxycholecalciferols::Dihydroxycholecalciferols::Calcitriol</subfield>
   </datafield>
   <datafield tag="653" ind2=" " ind1=" ">
      <subfield code="a">ENFERMEDADES::enfermedades del sistema nervioso::enfermedades del sistema nervioso::enfermedades del sistema nervioso::enfermedades neurodegenerativas::trastornos heredodegenerativos del sistema nervioso::degeneraciones espinocerebelosas::ataxia de Friedreich</subfield>
   </datafield>
   <datafield tag="653" ind2=" " ind1=" ">
      <subfield code="a">COMPUESTOS QUÍMICOS Y DROGAS::compuestos policíclicos::compuestos con anillos de fusión::esteroides::colestanos::colestenos::colecalciferol::hidroxicolecalciferoles::dihidroxicolecalciferoles::calcitriol</subfield>
   </datafield>
   <datafield tag="653" ind2=" " ind1=" ">
      <subfield code="a">COMPUESTOS QUÍMICOS Y DROGAS::compuestos policíclicos::compuestos con anillos de fusión::esteroides::secoesteroides::vitamina D</subfield>
   </datafield>
   <datafield tag="653" ind2=" " ind1=" ">
      <subfield code="a">Proteinas</subfield>
   </datafield>
   <datafield ind2="0" ind1="0" tag="245">
      <subfield code="a">Calcitriol Treatment Is Safe and Increases Frataxin Levels in Friedreich Ataxia Patients</subfield>
   </datafield>
</record></metadata></record></GetRecord></OAI-PMH>